| 000 | 00684nam a22001937a 4500 | ||
|---|---|---|---|
| 999 |
_c3735 _d3692 |
||
| 008 | 190802b ||||| |||| 00| e eng d | ||
| 020 | _a9789754582338 | ||
| 041 | _atur | ||
| 050 | _aPL243 | ||
| 100 |
_922 _aEyüboğlu, Sabahattin |
||
| 245 |
_aMavi - II _bGörsel Sanatlar Üzerine Denemeler ve Eleştiriler _cYayına Hazırlayan : Mürşit Balabanlılar |
||
| 250 | _a1. Basım | ||
| 260 |
_aİstanbul: _bTürkiye İş Bankası Kültür Yayınları, _cAğustos 2000 |
||
| 300 | _a274 Sayfa | ||
| 500 | _aTürkiye İş Bankası Kültür Yayınları ; 482 Edebiyat Dizisi ; 132 | ||
| 650 | 0 |
_9145 _aTürk Edebiyatı |
|
| 700 |
_91642 _aBalabanlılar, Mürşit |
||
| 942 |
_2lcc _cBK |
||